[Event "OP-2010-0-01069"]
[Site "LSS email"]
[Date "2010.02.02"]
[Round "?"]
[White "Rozanski, Jerzy"]
[Black "Sverdlov, Dimitri"]
[Result "0-1"]
[WhiteElo "800"]
[BlackElo "800"]
[PlyCount "24"]
[EventDate "2010.01.30"]
[EventType "tourn (corr)"]
[EventRounds "4"]
[EventCountry "GER"]
[SourceTitle "Corr 2015"]
[Source "ChessBase"]
[SourceDate "2015.07.17"]
[SourceVersion "1"]
[SourceVersionDate "2015.07.17"]
[SourceQuality "1"]

1. d4 Nf6 2. Nc3 d5 3. Nf3 c5 4. e3 Nc6 5. g3 Bg4 6. Bg2 cxd4 7. exd4 e6 8. 0-0 Qb6 9. Be3 Qxb2 10. Qd2 Bb4 11. Nd1 Qxa1 12. Qd3 Qxa2 0-1